Missing Word: TV Mysteries A-Z Quiz Stats

 Plays Quiz Updated Aug 30, 2017

Challenge
Share
Tweet
Embed
Score 0/25 Timer 03:00
1 Play Today
Hint Answer % Correct
Law & _____Order
97.9%
How to _____ Away with MurderGet
97.8%
Charlie's _____Angels
97.3%
Murder, She _____Wrote
95.8%
Person of _____Interest
95.1%
CSI: Crime _____ InvestigationScene
94.9%
Twin _____Peaks
93.6%
The Rockford _____Files
91.3%
Without a _____Trace
89.9%
_____ RiderKnight
87.5%
Cagney & _____Lacey
87.2%
_____ Street BluesHill
86.9%
Mike Hammer, Private _____Eye
86.3%
Hint Answer % Correct
Perry _____Mason
85.4%
_____ NoticeBurn
84.3%
_____ MarsVeronica
84.3%
Barnaby _____Jones
80.3%
_____ SteeleRemington
74.2%
_____: MurderDiagnosis
64.4%
The Adventures of Ellery _____Queen
59.5%
White _____Collar
54.4%
New York _____Undercover
46.9%
A _____ Wolfe MysteryNero
46.8%
The Lawless _____Years
29.6%
Jonny _____Zero
17.8%

Today's Daily Dose

You're not logged in!

Compare scores with friends on all Sporcle quizzes.
OR
Log In

You Might Also Like...

Show Comments

Extras

Top Quizzes Today


Score Distribution

Your Account Isn't Verified!

In order to create a playlist on Sporcle, you need to verify the email address you used during registration. Go to your Sporcle Settings to finish the process.

Report this User

Report this user for behavior that violates our Community Guidelines.

Details: